The place of the ideal community in urban planning (Record no. 352375)

000 -LEADER
fixed length control field 00383cam a22001337a 4500
008 - FIXED-LENGTH DATA ELEMENTS--GENERAL INFORMATION
fixed length control field 180718b1963 xxu||||| |||| 00| 0 eng d
082 ## - DEWEY DECIMAL CLASSIFICATION NUMBER
Classification number J7 R275
100 ## - MAIN ENTRY--PERSONAL NAME
Personal name Reiner, T.A.
245 ## - TITLE STATEMENT
Title The place of the ideal community in urban planning
Statement of responsibility, etc. by T.A. Reiner
260 ## - PUBLICATION, DISTRIBUTION, ETC.
Place of publication, distribution, etc. Philadelphia
Name of publisher, distributor, etc. Univ. of Pennsylvania Press
Date of publication, distribution, etc. 1963
300 ## - PHYSICAL DESCRIPTION
Extent 194p.
500 ## - GENERAL NOTE
General note $9.50
650 ## - SUBJECT ADDED ENTRY--TOPICAL TERM
Topical term or geographic name entry element City Planning
Holdings
Withdrawn status Lost status Damaged status Not for loan Permanent Location Current Location Date acquired Full call number Barcode Date last seen Price effective from Koha item type
        Indian Institute of Public Administration Indian Institute of Public Administration 1993-11-22 J7 R275 47116 2018-07-21 2018-07-21 Book

Powered by Koha